The finite element method : (Record no. 22713)

MARC details
000 -LEADER
fixed length control field 01034cam a22002895a 4500
001 - CONTROL NUMBER
control field 18840598
005 - DATE AND TIME OF LATEST TRANSACTION
control field 20201128023916.0
008 - FIXED-LENGTH DATA ELEMENTS--GENERAL INFORMATION
fixed length control field 151102t2014 enka frb 001 0 eng d
020 ## - INTERNATIONAL STANDARD BOOK NUMBER
International Standard Book Number 9780080983561
020 ## - INTERNATIONAL STANDARD BOOK NUMBER
International Standard Book Number 0080983561
040 ## - CATALOGING SOURCE
Original cataloging agency UKMGB
Language of cataloging eng
Transcribing agency UKMGB
Modifying agency OCLCO
-- YDXCP
-- OCLCA
-- CUV
-- CDX
-- OCLCF
-- DLC
-- EG-ScBUE
082 04 - DEWEY DECIMAL CLASSIFICATION NUMBER
Classification number 620.001515353
Edition number 22
Item number LIU
100 1# - MAIN ENTRY--PERSONAL NAME
Personal name Liu, G. R.
Fuller form of name (Gui-Rong),
245 14 - TITLE STATEMENT
Title The finite element method :
Remainder of title a practical course /
Statement of responsibility, etc G. R. Liu, S.S. Quek.
250 ## - EDITION STATEMENT
Edition statement 2nd ed.
260 ## - PUBLICATION, DISTRIBUTION, ETC. (IMPRINT)
Place of publication, distribution, etc Oxford ;
-- Waltham :
Name of publisher, distributor, etc Butterworth-Heinemann / Elsevier,
Date of publication, distribution, etc c.2014.
300 ## - PHYSICAL DESCRIPTION
Extent xxi, 433 p. :
Other physical details ill. ;
Dimensions 24 cm.
500 ## - GENERAL NOTE
General note Includes Internet access.
500 ## - GENERAL NOTE
General note Index : p. 425-433.
500 ## - GENERAL NOTE
General note "First edition 2013"--Title page verso. "Since the first edition of this book was published in 2003 ..."--Page xxi.
504 ## - BIBLIOGRAPHY, ETC. NOTE
Bibliography, etc Bibliography : p . 423-424.
650 #7 - SUBJECT ADDED ENTRY--TOPICAL TERM
Topical term or geographic name as entry element Finite element method.
Source of heading or term BUEsh
9 (RLIN) 2126
651 ## - SUBJECT ADDED ENTRY--GEOGRAPHIC NAME
Source of heading or term BUEsh
653 ## - INDEX TERM--UNCONTROLLED
Resource For college Engineering, Electrical
Arrived date list October2016
700 1# - ADDED ENTRY--PERSONAL NAME
Personal name Quek, S. S.,
942 ## - ADDED ENTRY ELEMENTS (KOHA)
Source of classification or shelving scheme Dewey Decimal Classification
Holdings
Withdrawn status Item status Source of classification or shelving scheme Damaged status Not for loan Vendor Home library Current library Shelving location Date acquired Source of acquisition Cost, normal purchase price Total Checkouts Full call number Barcode Date last seen Cost, replacement price Koha item type
    Dewey Decimal Classification     Academic Bookshop Central Library Central Library First floor 19/10/2016 Purchase 720.00   620.001515353 LIU 000034334 15/07/2025 900.00 Book - Borrowing